Kho tàng đồng dao Việt Nam

Là một bộ sưu tầm về các bài đồng dao Việt Nam về thiên nhiên,đất nuớc,trò chơi,mô phổng hoạt động sản xuất, tư duy ngộ nghĩnh của trẻ nhỏ.Các bài đồng dao phù hợp với trẻ em, do trẻ em hát và gắn với một số trò chơi nhất định. Từ...

Celý popis

Uloženo v:
Podrobná bibliografie
Hlavní autor: Trần, Gia Linh
Médium: Kniha
Jazyk:Undetermined
Vydáno: Hà Nội Thanh niên 2011
Témata:
Tagy: Přidat tag
Žádné tagy, Buďte první, kdo otaguje tento záznam!
Thư viện lưu trữ: Trung tâm Học liệu Trường Đại học Cần Thơ
LEADER 01039nam a2200205Ia 4500
001 CTU_169669
008 210402s9999 xx 000 0 und d
082 |a 398.8597 
082 |b L312 
100 |a Trần, Gia Linh 
245 0 |a Kho tàng đồng dao Việt Nam 
245 0 |c Trần Gia Linh 
260 |a Hà Nội 
260 |b Thanh niên 
260 |c 2011 
520 |a Là một bộ sưu tầm về các bài đồng dao Việt Nam về thiên nhiên,đất nuớc,trò chơi,mô phổng hoạt động sản xuất, tư duy ngộ nghĩnh của trẻ nhỏ.Các bài đồng dao phù hợp với trẻ em, do trẻ em hát và gắn với một số trò chơi nhất định. Từ đó giáo dục đạo đức cho các em từ bé. 
650 |a Folk songs, Vietnamese,Folk music,Dân ca Việt Nam,Nhạc dân ca 
650 |z Vietnam,Việt Nam 
904 |i Linh, Hải 
980 |a Trung tâm Học liệu Trường Đại học Cần Thơ